Villes des Majors de Counter Strike - Statistiques

Statistiques générales
  • Ce quiz a été pris 85 fois
    49 depuis la dernière actualisation
  • Le résultat moyen est 14 sur 24
Statistiques - réponses
Major Ville Gagnant % Correct
Blast [ville] Major 2023 Paris Team Vitality
93%
BLAST [ville] Major 2025 Austin Vitality
90%
StarLadder [ville] Major 2025 Budapest ???
83%
Perfect World [ville] Major 2024 Shanghai Team Spirit
83%
PGL Major [ville] 2024 Copenhagen Natus Vincere
76%
IEM [ville] Major 2022 Rio de Janeiro Outsiders
76%
IEM [ville] 2026 Major Cologne ???
71%
ESL One [ville] 2014 Cologne Ninjas In Pyjamas
66%
PGL Major [ville] 2022 Antwerp FaZe Clan
63%
ELEAGUE Major: [ville] 2018 Boston Cloud9
63%
DreamHack Open [ville] 2015 Cluj-Napoca Team EnVyUs
59%
EMS One [ville] 2014 Katowice Virtus.pro
59%
ESL One [ville] 2015 Katowice Fnatic
56%
PGL Major [ville] 2021 Stockholm Natus Vincere
56%
StarLadder Major: [ville] 2019 Berlin Astralis
54%
ESL One [ville] 2015 Cologne Fnatic
54%
ESL One [ville] 2016 Cologne SK Gaming
54%
IEM [ville] Major 2019 Katowice Astralis
49%
MLG [ville] 2016 Colombus Luminosity Gaming
41%
FACEIT Major: [ville] 2018 London Astralis
41%
Dreamhack Winter 2014 Jönköping Team LDLC.com
37%
Dreamhack Winter 2013 Jönköping Fnatic
34%
PGL Major: [ville] 2017 Kraków Gambit Esports
34%
ELEAGUE Major 2017 Atlanta Astralis
29%
Aucun quiz correspondant
Distribution des résultats
% des personnes avec chaque résultat
Percentile par nombre de réponses
Votre historique - résultats
Vous n’avez pas pris ce quiz depuis la dernière actualisation